000 00404nam a22001217a 4500
008 230612b xxu||||| |||| 00| 0 eng d
082 _a352.12
_bFIN
100 _cGOK
245 _aThe Report of the Controller and Auditor-General on the Financial Statements of Local Authorities Provident Fund For the Year Ended June, 2002
260 _aNairobi, Kenya
_bGOK
_cJune 2002
300 _a13p
942 _2ddc
_cBK
999 _c1085
_d1085